Aplikácia didaktických zásad vo výučbe účtovníctva na vysokej škole
Uplatňovanie didaktických zásad vo výchovno-vzdelávacom procese a ich dôležitosť z hľadiska zvyšovania kvality výchovno-vzdelávacieho procesu. Charakteristika, členenie a význam didaktických zásad vo výchovno-vzdelávacom procese z hľadiska ich uplatnenia vo výučbe na vysokej škole. Aplikácia didakti...
Salvato in:
| Autore principale: | |
|---|---|
| Altri autori: | |
| Natura: | Capitolo di libro |
| Lingua: | slovacco |
| Soggetti: | |
| Tags: |
Nessun Tag, puoi essere il primo ad aggiungerne!!
|
MARC
| LEADER | 00000nla$a2200000$$$4500 | ||
|---|---|---|---|
| 001 | 0068361 | ||
| 005 | 20240502083202.9 | ||
| 041 | 0 | |a slo | |
| 044 | |a CZ | ||
| 245 | 1 | 0 | |a Aplikácia didaktických zásad vo výučbe účtovníctva na vysokej škole |c Marianna Kicová, Renáta Feketeová |
| 520 | |a Uplatňovanie didaktických zásad vo výchovno-vzdelávacom procese a ich dôležitosť z hľadiska zvyšovania kvality výchovno-vzdelávacieho procesu. Charakteristika, členenie a význam didaktických zásad vo výchovno-vzdelávacom procese z hľadiska ich uplatnenia vo výučbe na vysokej škole. Aplikácia didaktických zásad vo výučbe účtovníctva na vysokej škole. | ||
| 610 | 2 | 0 | |a vzdelávanie vysokoškolské |
| 610 | 2 | 0 | |a vyučovanie |
| 610 | 2 | 0 | |a didaktika |
| 610 | 2 | 0 | |a školy vysoké |
| 610 | 2 | 0 | |a predmety učebné |
| 610 | 2 | 0 | |a účtovníctvo |
| 100 | 1 | |a Kicová, Marianna | |
| 700 | 1 | |a Feketeová, Renáta, 1974- | |